Представление документа в формате RUSMARC

ПолеНазваниеЗначение
  Тип записи a
  Библиографический уровень a
001 Контрольный номер RU/CBS_UL/BASE/8f5624ae885446fba6b253183c761dec
005 Дата корректировки 20250928144951.2
100 Данные общей обработки __
a Данные общей обработки 20250928 ||| 0rusy0189 ca
101 Язык документа 0_
a Язык текста rus
102 Страна публикации __
a Страна публикации RU
200 Заглавие и сведения об ответственности 1_
a Заглавие Валерий Харламов. Роковое предсказание сбылось
e Сведения, относящиеся к заглавию [о хоккеисте под № 17 В. Харламове]
f Первые сведения об ответственности М. Яблонский
300 Общие примечания __
a Общие примечания 16+
461 Уровень набора _0
1 2000
a Дарья. Биография
463 Уровень физической единицы _0
1 2000
a № 9
v С. 38-39 : фот.
1 2101
d 2025
1 001RU/CBS_UL/BASE/3cf4a986927e47658e42d004a4fbceb7
600 Персоналии _1
a Персоналии (Фамилия) Харламов
b Персоналии (Имя, инициалы) В.Б.
606 Тематические рубрики 0_
a Основная рубрика Харламов, Валерий Борисович (1948-1981)
610 Ключевые слова 0_
a Ключевые слова хоккеисты; советские хоккеисты; нападающие команды ЦСКА; нападающие сборной СССР; заслуженные мастера спорта СССР; двукратные олимпийские чемпионы; восьмикратные чемпионы мира; члены Зала славы ИИХФ; члены Зала хоккейной славы в Торонто
686 Индексы других классификаций __
2 Код системы rubbk
a Классификационный индекс 75.579
700 Автор _1
a Фамилия Яблонский
b Имя (инициалы) М.
801 Источник записи _0
a Страна RU
b Организация МБУК ЦБС г. Ульяновска
c Дата составления 20250928
g Правила каталогизации RCR
801 Источник записи _1
a Страна RU
b Организация МБУК ЦБС г. Ульяновска
c Дата составления 20250928
g Правила каталогизации RCR
901 Тип документа __
t Тип документа b
w Контрольный № источника RU/CBS_UL/BASE/3cf4a986927e47658e42d004a4fbceb7
909 Создатель записи __
a Создатель записи lib1